Martín fierro /

Guardado en:
Autor Principal: Hernández, José
Formato: Libro
Publicado: Buenos Aires : Kapelusz, 1998.
Series:Golu
Materias:
Etiquetas: Agregar Etiqueta
Sin Etiquetas, Sea el primero en etiquetar este registro!
LEADER 00699nam a22002415a 4500
001 CEM.cems017629
005 20110705165444.0
008 130507s1998##################000#0#####d
003 CEMS
020 |a 9501321533 
082 0 4 |a A861.2 
100 1 |a Hernández, José 
245 1 0 |a Martín fierro /  |c José Hernández 
260 |a Buenos Aires :  |b Kapelusz,  |c 1998. 
300 |a 254 p. 
490 0 |a Golu 
653 |a Literatura 
653 |a Literatura gauchesca 
653 |a Literatura argentina 
653 |a Romanticismo 
653 |a Poesía Épica 
859 |a CEMS  |b BIB. CEMS - Agricultura  |h A861.2  |i H430-5  |p A19686.98  |t Ej.1 
859 |a CEMS  |b BIB. CEMS - Agricultura  |h A861.2  |i H430-5  |p A19687.98  |t Ej.2